[Event "World op"]
[Site "Philadelphia USA"]
[Date "1993.06.29"]
[Round "1"]
[White "Bolduc, Steve"]
[Black "Morin, Yves"]
[Result "0-1"]
[WhiteElo "1945"]
[BlackElo "2254"]
[PlyCount "56"]
[GameId "2129405195799942"]
[EventDate "1993.??.??"]
[EventType "swiss"]
[EventRounds "9"]
[EventCountry "USA"]
[SourceTitle "hb 2011"]

1. d4 Nf6 2. Nf3 e6 3. Bg5 b6 4. Nbd2 Bb7 5. e3 Be7 6. Bd3 c5 7. c3 Nc6 8. O-O Rc8 9. a3 h6 10. Bh4 d6 11. e4 g5 12. Bg3 g4 13. Ne1 cxd4 14. cxd4 Nxd4 15. f4 h5 16. e5 Nd7 17. f5 dxe5 18. fxe6 Nxe6 19. Qe2 Bc5+ 20. Kh1 Nd4 21. Qf2 Nf3 22. Qe2 h4 23. Bf2 Bxf2 24. Ndxf3 gxf3 25. Nxf3 Bg3 26. Bf5 Qe7 27. hxg3 hxg3+ 28. Kg1 Qc5+ 0-1

[Event "World op"]
[Site "Philadelphia USA"]
[Date "1993.06.30"]
[Round "2"]
[White "Yee, Patrick"]
[Black "Bolduc, Steve"]
[Result "1-0"]
[WhiteElo "2282"]
[BlackElo "1945"]
[PlyCount "123"]
[GameId "2129405195799990"]
[EventDate "1993.??.??"]
[EventType "swiss"]
[EventRounds "9"]
[EventCountry "USA"]
[SourceTitle "hb 2011"]

1. e4 c6 2. d4 d5 3. Nc3 dxe4 4. Nxe4 Nd7 5. Bc4 Ngf6 6. Ng5 e6 7. Qe2 Nb6 8. Bb3 h6 9. N5f3 c5 10. dxc5 Bxc5 11. Ne5 O-O 12. Ngf3 Nbd7 13. Bd2 Nxe5 14. Nxe5 b6 15. O-O-O Qc7 16. Bf4 Bd6 17. g4 a5 18. Rxd6 Qxd6 19. Ng6 Qb4 20. c3 Ba6 21. cxb4 Bxe2 22. Nxf8 Kxf8 23. bxa5 Rxa5 24. h3 Bf3 25. Rg1 Bd5 26. Bxd5 Nxd5 27. Bd6+ Ke8 28. a3 f6 29. Rd1 Ra8 30. Kc2 Kd7 31. Bf4 Kc6 32. Bd2 g5 33. Re1 e5 34. Kd3 Kd6 35. Rc1 Ra4 36. Rc8 Nf4+ 37. Bxf4 gxf4 38. Rc4 b5 39. Rc8 e4+ 40. Kc3 f3 41. Kd2 Kd5 42. Ke3 Rc4 43. Rd8+ Ke5 44. Rb8 Rc2 45. Rxb5+ Ke6 46. Kxe4 Rxf2 47. Rb6+ Kf7 48. a4 Rf1 49. Ke3 f2 50. b3 Kg6 51. Ke2 Rh1 52. Kxf2 Rxh3 53. a5 h5 54. a6 hxg4 55. Rb4 Rh8 56. Rxg4+ Kf5 57. Ra4 Ke5 58. Rb4 Kd5 59. Rb6 Rf8 60. b4 f5 61. b5 Rc8 62. a7 1-0

[Event "World op"]
[Site "Philadelphia USA"]
[Date "1993.07.01"]
[Round "3"]
[White "Bolduc, Steve"]
[Black "Shutzman, Joseph"]
[Result "0-1"]
[WhiteElo "1945"]
[BlackElo "2283"]
[PlyCount "40"]
[GameId "2129405195799997"]
[EventDate "1993.??.??"]
[EventType "swiss"]
[EventRounds "9"]
[EventCountry "USA"]
[SourceTitle "hb 2011"]

1. d4 Nf6 2. Nf3 g6 3. c4 Bg7 4. Nc3 O-O 5. g3 d6 6. Bg2 Nbd7 7. O-O c6 8. h3 e5 9. e4 Re8 10. Re1 a5 11. b3 exd4 12. Nxd4 d5 13. cxd5 cxd5 14. exd5 Rxe1+ 15. Qxe1 Nb6 16. Bb2 Nfxd5 17. Nxd5 Nxd5 18. Bxd5 Qxd5 19. Qe8+ Bf8 20. Ba3 Bxh3 0-1

[Event "World op"]
[Site "Philadelphia USA"]
[Date "1993.07.02"]
[Round "4"]
[White "Berman, Marc"]
[Black "Bolduc, Steve"]
[Result "1/2-1/2"]
[WhiteElo "2188"]
[BlackElo "1945"]
[PlyCount "70"]
[GameId "2129405195800028"]
[EventDate "1993.??.??"]
[EventType "swiss"]
[EventRounds "9"]
[EventCountry "USA"]
[SourceTitle "hb 2011"]

1. d4 d5 2. c4 c6 3. Nf3 Nf6 4. Nc3 dxc4 5. e3 b5 6. a4 b4 7. Na2 e6 8. Bxc4 Be7 9. O-O O-O 10. Bd2 a5 11. Qe2 Bb7 12. Rad1 Qb6 13. Nc1 Nbd7 14. Ne5 c5 15. Bb5 Rfd8 16. Nc4 Qc7 17. Nb3 cxd4 18. exd4 Rdc8 19. Rfe1 Nf8 20. Ne5 Qc2 21. Na1 Qxb2 22. Qe3 Rd8 23. Nb3 Bd5 24. Bc4 Qc2 25. Bxd5 Rxd5 26. Rc1 Qf5 27. f4 Ng6 28. Qf3 Nxe5 29. Rxe5 Qg4 30. Qxg4 Nxg4 31. Rxd5 exd5 32. Nxa5 Bf8 33. Nc6 Rxa4 34. Bxb4 Bxb4 35. Nxb4 g6 1/2-1/2

[Event "World op"]
[Site "Philadelphia USA"]
[Date "1993.07.02"]
[Round "5"]
[White "Bolduc, Steve"]
[Black "Spanton, Timothy"]
[Result "1/2-1/2"]
[WhiteElo "1945"]
[BlackElo "1989"]
[PlyCount "75"]
[GameId "2129405195800056"]
[EventDate "1993.??.??"]
[EventType "swiss"]
[EventRounds "9"]
[EventCountry "USA"]
[SourceTitle "hb 2011"]

1. d4 Nf6 2. Nf3 d5 3. c4 e6 4. Nc3 Be7 5. Bg5 O-O 6. e3 Nbd7 7. Bd3 dxc4 8. Bxc4 c5 9. O-O cxd4 10. exd4 Nd5 11. Bxe7 Nxe7 12. Re1 Nf6 13. Qe2 Ned5 14. Rad1 b6 15. Ne5 Bb7 16. Ba6 Qc8 17. Bxb7 Qxb7 18. Qf3 Qe7 19. g4 Nxc3 20. bxc3 Rac8 21. c4 Qc7 22. d5 exd5 23. cxd5 Rcd8 24. g5 Ne8 25. Rd4 Nd6 26. Rh4 f6 27. Qh5 Qc2 28. Nc6 Rde8 29. Rxe8 Rxe8 30. gxf6 Re1+ 31. Kg2 Qb1 32. Ne7+ Kf8 33. fxg7+ Kxe7 34. g8=N+ Kd8 35. Qg5+ Kc7 36. Qg7+ Kb8 37. Qf8+ Kc7 38. Qg7+ 1/2-1/2

[Event "World op"]
[Site "Philadelphia USA"]
[Date "1993.07.03"]
[Round "6"]
[White "Bauza Mercere, Eduardo"]
[Black "Bolduc, Steve"]
[Result "1/2-1/2"]
[WhiteElo "1932"]
[BlackElo "1945"]
[PlyCount "60"]
[GameId "2129405195800087"]
[EventDate "1993.??.??"]
[EventType "swiss"]
[EventRounds "9"]
[EventCountry "USA"]
[SourceTitle "hb 2011"]

1. Nf3 d5 2. d4 Nf6 3. c4 c6 4. e3 Bf5 5. Nc3 e6 6. Bd3 Bg6 7. Ne5 Nbd7 8. Nxg6 hxg6 9. e4 dxe4 10. Nxe4 Nxe4 11. Bxe4 Bd6 12. Be3 Qa5+ 13. Bd2 Qc7 14. g3 e5 15. dxe5 Bxe5 16. Qc2 Nc5 17. O-O-O O-O-O 18. Be3 Nxe4 19. Rxd8+ Rxd8 20. Qxe4 f5 21. Qf3 Qa5 22. Kb1 Qb4 23. Qe2 Bf6 24. h4 Rd3 25. Rc1 a5 26. Bc5 Qd2 27. Qxd2 Rxd2 28. Rc2 Rd1+ 29. Rc1 Rd2 30. Rc2 Rd1+ 1/2-1/2

[Event "World op"]
[Site "Philadelphia USA"]
[Date "1993.07.03"]
[Round "7"]
[White "Bolduc, Steve"]
[Black "Atkins, Michael"]
[Result "1/2-1/2"]
[WhiteElo "1945"]
[BlackElo "1926"]
[PlyCount "63"]
[GameId "2129405195800119"]
[EventDate "1993.??.??"]
[EventType "swiss"]
[EventRounds "9"]
[EventCountry "USA"]
[SourceTitle "hb 2011"]

1. d4 Nf6 2. Nf3 e6 3. Bg5 d5 4. Nbd2 Nbd7 5. e3 g6 6. Bd3 Bg7 7. Qe2 c5 8. c3 O-O 9. h4 cxd4 10. exd4 Qc7 11. Ne5 Nxe5 12. dxe5 Ne4 13. Nf3 Bxe5 14. Bxe4 dxe4 15. Qxe4 Bg7 16. h5 Bd7 17. hxg6 fxg6 18. O-O-O Rac8 19. Nd4 Qc4 20. Bh6 Rxf2 21. Bxg7 Qxa2 22. Nc2 Ba4 23. Rd2 Bxc2 24. Kxc2 Rxd2+ 25. Kxd2 Qxb2+ 26. Ke3 Qb6+ 27. Bd4 Rxc3+ 28. Kf4 Qd6+ 29. Qe5 g5+ 30. Kxg5 Rg3+ 31. Kf4 Qxe5+ 32. Kxe5 1/2-1/2

[Event "World op"]
[Site "Philadelphia USA"]
[Date "1993.07.04"]
[Round "8"]
[White "Carroll, William"]
[Black "Bolduc, Steve"]
[Result "1/2-1/2"]
[WhiteElo "1825"]
[BlackElo "1945"]
[PlyCount "20"]
[GameId "2129405195800147"]
[EventDate "1993.??.??"]
[EventType "swiss"]
[EventRounds "9"]
[EventCountry "USA"]
[SourceTitle "hb 2011"]

1. e4 c6 2. Nc3 d5 3. Nf3 Bg4 4. h3 Bh5 5. g4 Bg6 6. exd5 cxd5 7. Bb5+ Nc6 8. Ne5 Rc8 9. d4 e6 10. h4 f6 1/2-1/2

[Event "World op"]
[Site "Philadelphia USA"]
[Date "1993.07.05"]
[Round "9"]
[White "Ryan, Sean"]
[Black "Bolduc, Steve"]
[Result "0-1"]
[WhiteElo "1717"]
[BlackElo "1945"]
[PlyCount "46"]
[GameId "2129405195800184"]
[EventDate "1993.??.??"]
[EventType "swiss"]
[EventRounds "9"]
[EventCountry "USA"]
[SourceTitle "hb 2011"]

1. f4 e5 2. fxe5 d6 3. exd6 Bxd6 4. Nf3 g5 5. d4 g4 6. Ne5 c5 7. e3 cxd4 8. exd4 Nc6 9. Bb5 Bd7 10. Bxc6 Bxc6 11. O-O Bxe5 12. Re1 Ne7 13. Rxe5 f6 14. Rh5 Qb6 15. c3 O-O-O 16. Qb3 Qa6 17. Qe6+ Kb8 18. Bf4+ Ka8 19. Bc7 Rde8 20. Nd2 Nd5 21. Qf5 Nxc7 22. Qxf6 Qe2 23. Qf2 Rhf8 0-1

[Event "Mauricie op"]
[Site "Trois-Rivieres CAN"]
[Date "2023.05.19"]
[Round "1"]
[White "Bolduc, Steve"]
[Black "Cossette, Daniel"]
[Result "1-0"]
[WhiteElo "2244"]
[BlackElo "2014"]
[PlyCount "83"]
[GameId "2160767907207647"]
[EventDate "2023.05.19"]
[EventType "swiss"]
[EventRounds "5"]
[EventCountry "CAN"]

1. d3 c5 2. g3 Nc6 3. c4 g6 4. Bg2 Bg7 5. Nc3 d6 6. Rb1 Rb8 7. a3 a6 8. Bd2 Bd7 9. b4 cxb4 10. axb4 b5 11. cxb5 axb5 12. Nf3 Nf6 13. O-O O-O 14. e4 Ne8 15. Ne2 Nc7 16. d4 Ra8 17. d5 Ne5 18. Nxe5 dxe5 19. Qb3 Ra6 20. Rfc1 Ne8 21. Rc5 Nd6 22. Nc3 Qa8 23. Bc1 Qb7 24. Bf1 f5 25. Bd3 Kh8 26. Qd1 Qb6 27. Qe2 Rb8 28. Be3 Qb7 29. f3 f4 30. gxf4 exf4 31. Bxf4 Ra3 32. Rc1 Rf8 33. Bd2 Nf7 34. f4 g5 35. f5 Bd4+ 36. Be3 Bxc5 37. bxc5 b4 38. c6 Bxc6 39. dxc6 Qxc6 40. Nd5 Qd6 41. Bd4+ Kg8 42. Rc6 1-0

[Event "Mauricie op"]
[Site "Trois-Rivieres CAN"]
[Date "2023.05.20"]
[Round "2"]
[White "Zheng, Richard"]
[Black "Bolduc, Steve"]
[Result "1-0"]
[WhiteElo "2259"]
[BlackElo "2244"]
[PlyCount "153"]
[GameId "2160767907207648"]
[EventDate "2023.05.19"]
[EventType "swiss"]
[EventRounds "5"]
[EventCountry "CAN"]

1. d4 g6 2. e4 d6 3. Be3 Nf6 4. Nc3 c6 5. h3 Nbd7 6. Nf3 e5 7. a4 Bg7 8. dxe5 dxe5 9. Qd6 Bf8 10. Qd2 Bb4 11. Bd3 Qe7 12. O-O O-O 13. Qe1 Re8 14. Bd2 a5 15. Nb1 Nh5 16. c3 Bc5 17. Bg5 f6 18. Be3 Nf8 19. Nbd2 Be6 20. Nc4 Rad8 21. Qb1 Bxe3 22. Nxe3 Qc5 23. Rd1 Nf4 24. Qc2 Nxd3 25. Rxd3 Qb6 26. Nd2 Rxd3 27. Qxd3 Rd8 28. Ndc4 Qc7 29. Qe2 Bf7 30. Rd1 Ne6 31. Rxd8+ Qxd8 32. Qd1 Qxd1+ 33. Nxd1 Nc5 34. Nxa5 Nxe4 35. Nxb7 Bb3 36. a5 Bc4 37. f3 Ba6 38. Nd8 Nc5 39. Nxc6 Kf7 40. Nb4 Bb7 41. Ne3 Ke6 42. Nc4 f5 43. Kf2 g5 44. Na3 h5 45. Nb5 Kd7 46. c4 f4 47. Ke2 g4 48. Nd5 gxh3 49. gxh3 Nb3 50. Kd3 Nxa5 51. b4 Nc6 52. Ke4 Nxb4 53. Kxe5 Nd3+ 54. Kd4 Nb2 55. c5 h4 56. Nd6 Bc6 57. Nc4 Nxc4 58. Kxc4 Ke6 59. Nxf4+ Kf5 60. Ne2 Ke5 61. Nd4 Bd7 62. Kd3 Bxh3 63. Ke3 Bc8 64. Nc6+ Ke6 65. Kf4 Kf6 66. Na7 h3 67. Kg3 Bf5 68. c6 Ke5 69. c7 Kd4 70. c8=Q Bxc8 71. Nxc8 Ke3 72. Nd6 h2 73. Nf5+ Ke2 74. Nd4+ Ke3 75. Kxh2 Kxd4 76. Kg3 Ke5 77. Kg4 1-0

[Event "Mauricie op"]
[Site "Trois-Rivieres CAN"]
[Date "2023.05.20"]
[Round "3"]
[White "Bolduc, Steve"]
[Black "Gingras, Philippe"]
[Result "1/2-1/2"]
[WhiteElo "2244"]
[BlackElo "2042"]
[PlyCount "95"]
[GameId "2160767907207649"]
[EventDate "2023.05.19"]
[EventType "swiss"]
[EventRounds "5"]
[EventCountry "CAN"]

1. d3 d5 2. g3 e5 3. Nf3 Bd6 4. Bg2 Nf6 5. c4 c6 6. Nbd2 Nbd7 7. O-O O-O 8. cxd5 cxd5 9. e4 dxe4 10. Nxe4 Nxe4 11. dxe4 Nc5 12. b4 Nxe4 13. Bb2 Bxb4 14. Qc2 Nd2 15. Nxd2 Qxd2 16. Qxd2 Bxd2 17. Bxe5 Re8 18. Rfd1 Ba5 19. Bf4 h6 20. h4 Re2 21. Bf3 Rb2 22. h5 Be6 23. Be5 Rb5 24. Bd4 a6 25. Kg2 Bd5 26. Rab1 Bxf3+ 27. Kxf3 Rxh5 28. Rxb7 Rd5 29. Rd3 Rad8 30. Ke4 Be1 31. Rb2 f5+ 32. Ke3 Re8+ 33. Kf3 Re4 34. Re2 Rexd4 35. Rxd4 Rxd4 36. Rxe1 Kf7 37. Re5 Ra4 38. Rxf5+ Kg6 39. Rf8 Rxa2 40. Ra8 h5 41. Ra7 a5 42. Kg2 a4 43. Ra5 a3 44. Kf3 Ra1 45. Kg2 a2 46. Kh2 Kf6 47. Kg2 g5 48. Kh2 1/2-1/2

[Event "Mauricie op"]
[Site "Trois-Rivieres CAN"]
[Date "2023.05.21"]
[Round "4"]
[White "Jiang, Barron Jiyu"]
[Black "Bolduc, Steve"]
[Result "1-0"]
[WhiteElo "1918"]
[BlackElo "2244"]
[PlyCount "67"]
[GameId "2160767907207650"]
[EventDate "2023.05.19"]
[EventType "swiss"]
[EventRounds "5"]
[EventCountry "CAN"]

1. e4 d6 2. d4 Nf6 3. Bd3 c5 4. dxc5 dxc5 5. e5 Ng4 6. Bb5+ Nc6 7. Qxd8+ Kxd8 8. Bxc6 bxc6 9. f4 h5 10. h3 Nh6 11. Be3 e6 12. Nc3 Nf5 13. Bf2 Be7 14. Ne4 c4 15. O-O-O+ Kc7 16. Nf3 h4 17. Bc5 Bxc5 18. Nxc5 a5 19. Ng5 Rf8 20. Rhe1 a4 21. a3 Ra5 22. Nce4 Bb7 23. Nd6 Nxd6 24. Rxd6 Rd5 25. Rxe6 c5 26. Re7+ Rd7 27. Rxd7+ Kxd7 28. Ne4 Ke7 29. Re2 Bc6 30. Nxc5 Rd8 31. c3 Be8 32. Ne4 Rd3 33. Nd6 Rg3 34. Nf5+ 1-0

[Event "Choc des generations"]
[Site "Montreal CAN"]
[Date "2023.03.31"]
[Round "1.4"]
[White "Bolduc, Steve"]
[Black "Tanaka, Tyler"]
[Result "0-1"]
[WhiteElo "2145"]
[BlackElo "2267"]
[PlyCount "60"]
[GameId "2160767907249742"]
[EventDate "2023.03.31"]
[EventType "schev"]
[EventRounds "5"]
[EventCountry "CAN"]
[SourceTitle "CBM 213 Extra"]
[Source "ChessBase"]
[SourceDate "2023.05.31"]
[SourceVersion "1"]
[SourceVersionDate "2023.05.31"]
[SourceQuality "1"]
[WhiteTeam "Adults"]
[BlackTeam "Juniors"]
[WhiteTeamCountry "CAN"]
[BlackTeamCountry "CAN"]

1. e4 c6 2. c4 d5 3. exd5 cxd5 4. cxd5 Nf6 5. Nc3 Nxd5 6. Qb3 Nb6 7. d4 Nc6 8. Nf3 e6 9. Bb5 Be7 10. O-O O-O 11. Rd1 Nb4 12. a4 a5 13. Bf4 N6d5 14. Be5 Bd7 15. h4 Bxb5 16. Nxb5 Bxh4 17. Nxh4 Qxh4 18. Nd6 b6 19. Rac1 Rfd8 20. Re1 Qe7 21. Bxg7 Qxd6 22. Be5 Qe7 23. Qg3+ Kf8 24. Qg7+ Ke8 25. Qxh7 f6 26. Qh6 fxe5 27. Rxe5 Kd7 28. Rce1 Rh8 29. Qd2 Qh4 30. f3 Rag8 0-1

[Event "Choc des generations"]
[Site "Montreal CAN"]
[Date "2023.04.01"]
[Round "2.4"]
[White "Adam, Rafael"]
[Black "Bolduc, Steve"]
[Result "0-1"]
[WhiteElo "1965"]
[BlackElo "2145"]
[PlyCount "96"]
[GameId "2160767907249747"]
[EventDate "2023.03.31"]
[EventType "schev"]
[EventRounds "5"]
[EventCountry "CAN"]
[SourceTitle "CBM 213 Extra"]
[Source "ChessBase"]
[SourceDate "2023.05.31"]
[SourceVersion "1"]
[SourceVersionDate "2023.05.31"]
[SourceQuality "1"]
[WhiteTeam "Juniors"]
[BlackTeam "Adults"]
[WhiteTeamCountry "CAN"]
[BlackTeamCountry "CAN"]

1. Nf3 d5 2. g3 Nf6 3. Bg2 g6 4. O-O Bg7 5. d4 O-O 6. c4 c6 7. Ne5 dxc4 8. Nxc4 Be6 9. Ne5 Nbd7 10. Nf3 Bd5 11. Nc3 Ne4 12. Bf4 Nxc3 13. bxc3 Re8 14. Qc2 e5 15. dxe5 Nxe5 16. Rfd1 Nxf3+ 17. Bxf3 Qa5 18. Bxd5 cxd5 19. Rd3 Rac8 20. Rc1 d4 21. c4 Re6 22. h4 Rce8 23. e3 Qf5 24. Rb3 Qh3 25. Qd3 dxe3 26. Bxe3 Rxe3 27. fxe3 Qxg3+ 28. Kf1 Qf3+ 29. Ke1 Bh6 30. Qe2 Qh1+ 31. Kd2 Qxh4 32. Rd3 Qe4 33. Rcc3 Bg7 34. Rc2 h5 35. Qf2 Bh6 36. Rcc3 h4 37. Rd7 Qe6 38. Rxb7 h3 39. Rbb3 Qe4 40. Kc1 Qg2 41. Rc2 Qxf2 42. Rxf2 Bxe3+ 43. Rxe3 Rxe3 44. Rc2 Kf8 45. c5 Ke8 46. c6 Kd8 47. Rd2+ Kc8 48. Rf2 f5 0-1

[Event "Choc des generations"]
[Site "Montreal CAN"]
[Date "2023.04.01"]
[Round "3.4"]
[White "Zheng, Richard"]
[Black "Bolduc, Steve"]
[Result "1/2-1/2"]
[WhiteElo "2121"]
[BlackElo "2145"]
[PlyCount "58"]
[GameId "2160767907249752"]
[EventDate "2023.03.31"]
[EventType "schev"]
[EventRounds "5"]
[EventCountry "CAN"]
[SourceTitle "CBM 213 Extra"]
[Source "ChessBase"]
[SourceDate "2023.05.31"]
[SourceVersion "1"]
[SourceVersionDate "2023.05.31"]
[SourceQuality "1"]
[WhiteTeam "Juniors"]
[BlackTeam "Adults"]
[WhiteTeamCountry "CAN"]
[BlackTeamCountry "CAN"]

1. d4 d5 2. c4 e6 3. Nc3 c6 4. e4 dxe4 5. Nxe4 Bb4+ 6. Bd2 Qxd4 7. Bxb4 Qxe4+ 8. Ne2 c5 9. Bxc5 Nc6 10. f3 Qe5 11. Qd6 Qxd6 12. Bxd6 e5 13. b4 Be6 14. b5 O-O-O 15. Rd1 Na5 16. Bxe5 Rxd1+ 17. Kxd1 f6 18. Bd4 Nxc4 19. Nf4 Bf7 20. Bxc4 Bxc4 21. Re1 Nh6 22. Bxa7 Bxb5 23. Ne6 Nf5 24. Bf2 h5 25. Kc2 g5 26. Nd4 Bd7 27. Kc3 Rh7 28. Nxf5 Bxf5 29. Bd4 Rf7 1/2-1/2

[Event "Choc des generations"]
[Site "Montreal CAN"]
[Date "2023.04.02"]
[Round "4.4"]
[White "Bolduc, Steve"]
[Black "Zhong, Kevin"]
[Result "0-1"]
[WhiteElo "2145"]
[BlackElo "2120"]
[PlyCount "140"]
[GameId "2160767907249757"]
[EventDate "2023.03.31"]
[EventType "schev"]
[EventRounds "5"]
[EventCountry "CAN"]
[SourceTitle "CBM 213 Extra"]
[Source "ChessBase"]
[SourceDate "2023.05.31"]
[SourceVersion "1"]
[SourceVersionDate "2023.05.31"]
[SourceQuality "1"]
[WhiteTeam "Adults"]
[BlackTeam "Juniors"]
[WhiteTeamCountry "CAN"]
[BlackTeamCountry "CAN"]

1. e4 c5 2. Nf3 Nc6 3. Bb5 e6 4. Bxc6 bxc6 5. O-O Ne7 6. d3 Ng6 7. e5 Be7 8. b3 f6 9. Bb2 O-O 10. Nbd2 fxe5 11. Nxe5 Nxe5 12. Bxe5 d6 13. Bg3 Bf6 14. Rb1 Bd4 15. c3 Bf6 16. Ne4 Be7 17. Qe2 e5 18. d4 cxd4 19. cxd4 d5 20. Nc5 Bxc5 21. dxc5 e4 22. f3 Bf5 23. fxe4 Bxe4 24. Rxf8+ Qxf8 25. Bd6 Qf6 26. Rf1 Qg6 27. Qf2 h6 28. Qg3 Re8 29. Qxg6 Bxg6 30. Kf2 Kf7 31. Rd1 Re4 32. Re1 Ke6 33. Rxe4+ Bxe4 34. g3 d4 35. Bf8 Kf7 36. Bd6 Ke6 37. Bf8 Kf7 38. Bd6 Kf6 39. b4 h5 40. g4 hxg4 41. Kg3 Kf5 42. Bf8 g6 43. Kf2 Ke5 44. Ke2 Kd5 45. Kd2 a6 46. a3 Bb1 47. Bg7 Ba2 48. Bf6 Bc4 49. Bh4 Bb5 50. Bg3 Kc4 51. Be5 a5 52. Bf6 d3 53. Kc1 a4 54. Kb2 Ba6 55. Bg5 Bc8 56. Be3 Be6 57. Bf4 Kd4 58. Bg5 Bc4 59. Bf6+ Ke3 60. Kc3 Bb5 61. Bg5+ Kf3 62. Kd2 g3 63. hxg3 Kxg3 64. Ke3 Kg4 65. Bf6 Kf5 66. Bc3 g5 67. Kf3 g4+ 68. Ke3 Ke6 69. Be1 Kd5 70. Kd2 Kc4 0-1

[Event "Pere Noel Online"]
[Site "Chess.com"]
[Date "2020.12.27"]
[Round "1"]
[White "Therrien, Michel"]
[Black "Bolduc, Steve"]
[Result "0-1"]
[WhiteElo "1337"]
[BlackElo "1760"]
[PlyCount "82"]
[GameId "2160767907635478"]
[EventDate "2020.12.27"]
[EventType "swiss"]
[EventRounds "6"]
[EventCountry "CAN"]

1. e4 d6 2. Nf3 Nf6 3. Nc3 g6 4. d4 Bg7 5. Be2 O-O 6. O-O Nc6 7. d5 Nb8 8. Be3 c6 9. dxc6 Nxc6 10. h3 a6 11. a4 Bd7 12. Nd2 Rb8 13. Nb3 Na5 14. Nxa5 Qxa5 15. Qd2 Rfc8 16. Bd3 Be6 17. Rfb1 Nd7 18. Nd5 Qxd2 19. Bxd2 Bxd5 20. exd5 Ne5 21. Ra3 Nxd3 22. cxd3 Rc5 23. b4 Rc2 24. Be3 Rbc8 25. b5 a5 26. Bb6 Bc3 27. Rbb3 Bb4 28. Ra1 Rc1+ 29. Rxc1 Rxc1+ 30. Kh2 Ra1 31. d4 Rxa4 32. Re3 e5 33. dxe6 fxe6 34. Rxe6 Kf7 35. d5 Ra1 36. Bd8 Re1 37. Rxe1 Bxe1 38. Kg1 a4 39. Bb6 Bc3 40. Be3 a3 41. Bc1 a2 0-1

[Event "Pere Noel Online"]
[Site "Chess.com"]
[Date "2020.12.27"]
[Round "2"]
[White "Bolduc, Steve"]
[Black "Jacobs, Jon"]
[Result "1-0"]
[WhiteElo "1834"]
[BlackElo "2109"]
[PlyCount "137"]
[GameId "2160767907635480"]
[EventDate "2020.12.27"]
[EventType "swiss"]
[EventRounds "6"]
[EventCountry "CAN"]

1. d4 d5 2. c4 c6 3. Nf3 Nf6 4. Nc3 a6 5. e3 b5 6. b3 Bf5 7. Be2 e6 8. Ne5 Bb4 9. Bd2 O-O 10. O-O Nfd7 11. f4 Nxe5 12. fxe5 Nd7 13. a4 bxc4 14. bxc4 a5 15. cxd5 cxd5 16. Nxd5 Bxd2 17. Qxd2 Bg6 18. Nf4 Nxe5 19. Nxg6 hxg6 20. Rac1 Nd7 21. Bb5 Ra7 22. Rc2 Nf6 23. Rfc1 Nd5 24. e4 Nb4 25. Rc5 Qb6 26. Qf2 Raa8 27. Rc7 Rad8 28. R1c5 Qd6 29. Ra7 Qxd4 30. Rcc7 Qa1+ 31. Bf1 Nd3 32. Qe3 Ne5 33. Qc3 Qxc3 34. Rxc3 Ra8 35. Rcc7 Rfd8 36. h3 Rxa7 37. Rxa7 Rd4 38. Rxa5 Rxe4 39. Ra8+ Kh7 40. a5 Re1 41. a6 Ra1 42. Rc8 g5 43. g3 Kg6 44. Rc7 Kf6 45. a7 g4 46. Kf2 gxh3 47. Bxh3 Nc6 48. Rxc6 Rxa7 49. Bf1 Ra3 50. Rc7 Kg6 51. Be2 f6 52. Rd7 Rc3 53. Bd3+ Kh6 54. Kf3 Rc5 55. Kf4 Ra5 56. Rd6 Re5 57. Be4 g5+ 58. Kf3 Kg7 59. Rd7+ Kf8 60. Bg6 Kg8 61. Kg4 Re2 62. Re7 Re1 63. Bf7+ Kg7 64. Bxe6+ Kf8 65. Rf7+ Ke8 66. Kf5 Rf1+ 67. Kg6 Rf3 68. g4 Re3 69. Rxf6 1-0

[Event "Pere Noel Online"]
[Site "Chess.com"]
[Date "2020.12.27"]
[Round "3"]
[White "Laroche, Hugo"]
[Black "Bolduc, Steve"]
[Result "0-1"]
[WhiteElo "1813"]
[BlackElo "1871"]
[PlyCount "118"]
[GameId "2160767907635492"]
[EventDate "2020.12.27"]
[EventType "swiss"]
[EventRounds "6"]
[EventCountry "CAN"]

1. d4 d5 2. Bf4 c5 3. e3 cxd4 4. exd4 Nc6 5. c3 Nf6 6. Nf3 Bg4 7. Nbd2 e6 8. Bd3 Bd6 9. Bg3 O-O 10. Qb1 Re8 11. Ne5 Bf5 12. O-O Bxd3 13. Qxd3 Qc7 14. f4 Nh5 15. Rae1 Nxg3 16. hxg3 f6 17. Nef3 Qf7 18. Re2 Qg6 19. Qxg6 hxg6 20. Rfe1 Kf7 21. Nb3 b6 22. Nc1 Rac8 23. Nd3 Na5 24. Nd2 Nb7 25. a3 b5 26. Nb4 a5 27. Nd3 a4 28. Nf3 Na5 29. Nd2 Nc4 30. Nxc4 Rxc4 31. Rc1 Rec8 32. Rec2 Bb8 33. Re2 Ba7 34. Rce1 R8c6 35. Kf1 Rd6 36. Nb4 Rc7 37. Nd3 Bb6 38. Rc1 Rc8 39. Rce1 Rdc6 40. Nb4 Rd6 41. Nd3 Rh8 42. Kg1 g5 43. fxg5 e5 44. gxf6 gxf6 45. Rf1 exd4 46. cxd4 Bxd4+ 47. Nf2 Bb6 48. Rfe1 d4 49. Rd2 Re6 50. Rxe6 Kxe6 51. Nd3 Kd5 52. Nb4+ Kd6 53. Kf1 Re8 54. Rd3 Kc5 55. Kf2 Ba5 56. Nc2 Rd8 57. Ke2 Kc4 58. Ne3+ dxe3 59. Rxd8 Bxd8 0-1

[Event "Pere Noel Online"]
[Site "Chess.com"]
[Date "2020.12.28"]
[Round "4"]
[White "Bolduc, Steve"]
[Black "Sowa, Ryan"]
[Result "0-1"]
[WhiteElo "1849"]
[BlackElo "2071"]
[PlyCount "100"]
[GameId "2160767907635499"]
[EventDate "2020.12.27"]
[EventType "swiss"]
[EventRounds "6"]
[EventCountry "CAN"]

1. d4 Nf6 2. c4 g6 3. Nc3 d5 4. cxd5 Nxd5 5. e4 Nxc3 6. bxc3 Bg7 7. Be3 c5 8. Nf3 Qa5 9. Qd2 O-O 10. Rb1 cxd4 11. cxd4 Qxd2+ 12. Nxd2 Nc6 13. d5 Nd4 14. Bd3 f5 15. Nb3 fxe4 16. Bxe4 Nf5 17. Bd2 Nd6 18. Bf3 Bf5 19. Rc1 Rac8 20. O-O Bb2 21. Rxc8 Rxc8 22. Re1 Kf7 23. Be3 b6 24. Nd4 Bxd4 25. Bxd4 Rc2 26. Ra1 Be4 27. Bd1 Rc8 28. Bb3 Bc2 29. f3 Bxb3 30. axb3 Nb5 31. Bf2 Rc3 32. Re1 Nc7 33. Re5 Rd3 34. Bh4 Nxd5 35. Kf2 e6 36. Re1 Rxb3 37. Ra1 a5 38. Bg5 Ke8 39. h4 h5 40. g4 Kd7 41. Bd2 hxg4 42. fxg4 Nf6 43. Rg1 Ne4+ 44. Ke2 Rb2 45. h5 gxh5 46. gxh5 Rxd2+ 47. Ke3 Rh2 48. Rg7+ Kc6 49. Rg6 Rxh5 50. Rxe6+ Nd6 0-1

[Event "Pere Noel Online"]
[Site "Chess.com"]
[Date "2020.12.28"]
[Round "5"]
[White "Bolduc, Steve"]
[Black "Latorre, Vincent"]
[Result "1/2-1/2"]
[WhiteElo "1863"]
[BlackElo "2005"]
[PlyCount "100"]
[GameId "2160767907635507"]
[EventDate "2020.12.27"]
[EventType "swiss"]
[EventRounds "6"]
[EventCountry "CAN"]

1. d4 Nf6 2. c4 g6 3. Nc3 Bg7 4. e4 d6 5. Be2 O-O 6. Bg5 c5 7. d5 a6 8. a4 e6 9. Nf3 exd5 10. exd5 Re8 11. O-O Bf5 12. Nh4 Bc8 13. Qd2 Nbd7 14. Nf3 Ne5 15. Nxe5 Rxe5 16. Bf4 Re8 17. h3 Bf5 18. Bf3 Be4 19. Nxe4 Nxe4 20. Qc2 Ng5 21. Be2 Qf6 22. Be3 Ne4 23. Bd3 Qh4 24. Rfe1 f5 25. f3 f4 26. Bxf4 Qxf4 27. Rxe4 Rxe4 28. Bxe4 Bd4+ 29. Kh1 Qg3 30. Qc1 Be5 31. Qg1 Rf8 32. Rf1 Bf4 33. b3 Re8 34. Re1 Re5 35. Re2 Kg7 36. Bd3 Rxe2 37. Bxe2 Kf6 38. Bd3 Ke7 39. Be2 Kd7 40. Bd3 Kc7 41. Be4 Kd7 42. Bd3 Ke7 43. Be4 Kf6 44. Bd3 h5 45. Be4 g5 46. Bd3 g4 47. Bf1 Ke5 48. Bd3 Kf6 49. Bf1 Qe1 50. Bd3 Qg3 1/2-1/2